Devine le pays en fonction du "Bonjour" - Statistiques

Statistiques générales
  • Ce quiz a été pris 122 fois
  • Le résultat moyen est 13 sur 20
Statistiques - réponses
Indice : Pays : % Correct
Hola Espagne
97%
Hello Royaume-Uni
96%
Ciao Italie
95%
Ni hao Chine
90%
Konnichiwa Japon
88%
Hallo Allemagne
87%
Salam Maroc
81%
Namaste Inde
74%
Zdravstvuyte Russie
69%
Bom dia Brésil
66%
Dzień dobry Pologne
59%
Merhaba Turquie
59%
Hej Suède
58%
Annyeonghaseyo Corée du Sud
56%
Yassas (ou Geia) Grèce
50%
Szia Hongrie
46%
Halo Indonésie
35%
Selamat pagi Malaisie
23%
Sain baina uu Mongolie
23%
Tere Estonie
19%
Aucun quiz correspondant
Distribution des résultats
% des personnes avec chaque résultat
Percentile par nombre de réponses
Votre historique - résultats
Vous n’avez pas pris ce quiz